|
|
|
|
| LEADER |
00000nas a22000007a 4500 |
| 001 |
ssj0009483 |
| 003 |
WaSeSS |
| 005 |
20200512172242.0 |
| 006 |
m d |
| 007 |
cr n |
| 008 |
010209c19599999txuqr p s 0 a0eng c |
| 010 |
|
|
|a 2001213728
|
| 016 |
7 |
|
|a 2051594-7
|2 DE-600
|
| 022 |
|
|
|a 1534-7303
|l 0040-4691
|y 0040-4691
|
| 035 |
|
|
|a (WaSeSS)ssj0009483
|
| 037 |
|
|
|b Project Muse, The Johns Hopkins University Press, 2715 N. Charles Street, Baltimore, Maryland 21211
|
| 040 |
|
|
|a JHE
|b eng
|c JHE
|d NSD
|d EYM
|d OCLCQ
|d MUQ
|d OCLCQ
|d F#A
|d OCLCQ
|d EYM
|d OCLCQ
|d EYM
|d OCLCF
|d OCLCO
|d OCLCQ
|d WT2
|d GILDS
|d OCLCO
|d OCLCQ
|d AU@
|d VT2
|d OCLCQ
|d OCLCO
|d WaSeSS
|
| 042 |
|
|
|a nsdp
|a pcc
|
| 050 |
1 |
4 |
|a AS30
|b .T4
|
| 082 |
1 |
0 |
|a 820
|2 13
|
| 130 |
0 |
|
|a Texas studies in literature and language (Online)
|
| 210 |
0 |
|
|a Texas stud. lit. lang.
|b (Online)
|
| 222 |
|
0 |
|a Texas studies in literature and language
|b (Online)
|
| 245 |
1 |
0 |
|a Texas studies in literature and language
|h [electronic resource].
|
| 246 |
1 |
3 |
|a TSLL
|
| 260 |
|
|
|a Austin :
|b University of Texas Press,
|c 1959-
|
| 310 |
|
|
|a Quarterly
|
| 362 |
0 |
|
|a Vol. 1, no. 1 (spring 1959)-
|
| 500 |
|
|
|a Title from volume title page (JSTOR, viewed May 25, 2011).
|
| 506 |
|
|
|a License restrictions may limit access.
|
| 538 |
|
|
|a Mode of access: World Wide Web.
|
| 588 |
1 |
|
|a Vol. 49, no. 4 (winter 2007) (JSTOR, viewed May 25, 2011).
|
| 650 |
|
0 |
|a Philology
|v Periodicals.
|
| 650 |
|
0 |
|a Literature
|x History and criticism
|v Periodicals.
|
| 650 |
|
6 |
|a Philologie
|v Périodiques.
|
| 650 |
|
6 |
|a Littérature
|x Histoire et critique
|v Périodiques.
|
| 650 |
|
7 |
|a Literature.
|2 fast
|0 (OCoLC)fst00999953
|
| 650 |
|
7 |
|a Philology.
|2 fast
|0 (OCoLC)fst01060694
|
| 655 |
|
0 |
|a Electronic journals.
|
| 776 |
0 |
8 |
|i Print version:
|t Texas studies in literature and language
|x 0040-4691
|w (DLC) 61046112
|w (OCoLC)1767367
|
| 780 |
0 |
0 |
|t Texas studies in English
|w (OCoLC)609477601
|
| 856 |
4 |
0 |
|z Full text available from Research Library: 04/01/1996 to 1 year ago
|u https://search.proquest.com/publication/48188
|